Espacios urbanos : aeropuertos y estaciones /

Збережено в:
Бібліографічні деталі
Автор: Asensio Cerver, Francisco (autor)
Формат: Книга
Мова:Іспанська
Опубліковано: Barcelona, España : Francisco Asensio Cerver, 1997, c1997
Предмети:
Теги: Додати тег
Немає тегів, Будьте першим, хто поставить тег для цього запису!

MARC

LEADER 00000nam^a2200000^a^4500
001 000053042
005 20250521000000.0
009 20260310090420.605
020 |a 84-8185-089-6 
037 |a Acervo ITESO - Biblioteca 
041 |a ESP 
082 |a 712.  |b ASE V. 2 
100 |a Asensio Cerver, Francisco  |e (autor) 
245 1 0 |a Espacios urbanos :  |b aeropuertos y estaciones /  |c F. Asensio Cerver. 
264 4 |a Barcelona, España :  |b Francisco Asensio Cerver,  |c 1997, c1997 
300 |a 189 p. 
336 |a texto  |b txt  |2 rdacontenido 
337 |a sin mediación  |b n  |2 rdamedio 
338 |a volumen  |b nc  |2 rdasoporte 
649 |a XX 
650 |a Aeropuertos 
650 |a Estaciones Ferroviarias 
650 |a Centrales de Autobuses 
650 |a Diseño Arquitectónico 
650 |a Arquitectura del Paisaje 
650 |a Urbanismo 
910 |a Fondo General 
920 |a Impresos - Libros 
930 |a Colección General 
905 |a 101 
901 |a 0500010544  |b IT1  |c ACC  |u 20250521 
902 |a https://opac.biblio.iteso.mx/vufind/Record/000053042